Guía metodológica para el diseño de presas de tierra
La investigación presenta una guía metodológica para describir de forma sistemática la aplicación de la mecánica de suelos en los procedimientos de diseño de una presa de tierra, y explicar las etapas de ejecución que conciernen a este tipo de obras
| Main Author: | |
|---|---|
| Other Authors: | |
| Format: | Tesis Section = Libro |
| Language: | Undetermined Spanish |
| Published: |
Managua
UNI
2021
|
| Subjects: |
| LEADER | 01010nam a2200253Ia 4500 | ||
|---|---|---|---|
| 008 | 240830s9999 xx 000 0 und d | ||
| 040 | |a BIBLIOTECA-RUPAP Mon 627.8 S939 | ||
| 041 | |a spa | ||
| 082 | |a Mon 627.8 S939 | ||
| 100 | 1 | |a Suárez Jarquín, Isaí | |
| 245 | 1 | 0 | |a Guía metodológica para el diseño de presas de tierra |
| 260 | |a Managua |b UNI |c 2021 | ||
| 300 | |a 239 p. :il. | ||
| 500 | |a Contiene: anexos y CD. | ||
| 502 | |a Tesis (Ingeniero Civil) - UNI, 2021. | ||
| 520 | 3 | |a La investigación presenta una guía metodológica para describir de forma sistemática la aplicación de la mecánica de suelos en los procedimientos de diseño de una presa de tierra, y explicar las etapas de ejecución que conciernen a este tipo de obras | |
| 650 | 7 | |a PRESAS DE TIERRA-DISEÑO Y CONSTRUCCION | |
| 650 | 7 | |b EMBALSE | |
| 650 | 7 | |c RECURSOS HIDRICOS | |
| 650 | 7 | |d MECANICA DE SUELOS | |
| 700 | 1 | |a Tutor: |b Moore Coleman, Franklin Anthony | |
| 942 | |c BK |2 ddc | ||
| 991 | |a TESIS | ||
| 999 | |c 19066 | ||